| 000 | 00823cab a2200253 4500 | ||
|---|---|---|---|
| 001 | WB3441-05 | ||
| 008 | 090401t1998 xxu||||| |||| 00| 0 eng d | ||
| 035 | _a(Sirsi) u89378 | ||
| 041 | _aeng | ||
| 245 | _aDamp course membrane | ||
| 260 | _c1998 | ||
| 350 | _a0 | ||
| 490 |
_aHSE News Release _v(233) 22 October 1998 |
||
| 490 |
_aBuilding Design _v(1371) 30 October 1998, 5(1) |
||
| 520 | _aThe HSE has published a statement on working with damp proof course membranes outlining the precautions that should be taken when working with such products. | ||
| 650 | _aDAMP PROOF COURSE MEMBRANES | ||
| 650 |
_aHEALTH AND SAFETY _96244 |
||
| 650 | _aHEALTH HAZARDS | ||
| 650 | _aSKIN CANCER | ||
| 650 | _aTOXIC SUBSTANCES | ||
| 690 | _aBUILT ENVIRONMENT-BUILDING STANDARDS | ||
| 942 | _n0 | ||
| 948 | _c29/10/1998 | ||
| 999 |
_c56532 _d56532 |
||